<?xml version="1.0" encoding="UTF-8"?>
<record
    xmlns:xsi="http://www.w3.org/2001/XMLSchema-instance"
    xsi:schemaLocation="http://www.loc.gov/MARC21/slim http://www.loc.gov/standards/marcxml/schema/MARC21slim.xsd"
    xmlns="http://www.loc.gov/MARC21/slim">

  <leader>00339nam a22001217a 4500</leader>
  <datafield tag="040" ind1=" " ind2=" ">
    <subfield code="c">HS</subfield>
  </datafield>
  <datafield tag="082" ind1=" " ind2=" ">
    <subfield code="a">910</subfield>
  </datafield>
  <datafield tag="100" ind1=" " ind2=" ">
    <subfield code="a">HUOT KONGHEANG</subfield>
  </datafield>
  <datafield tag="245" ind1=" " ind2=" ">
    <subfield code="a"> GIS Geographic information system ArcMap tutorial ArcGIS 9.3 refernce document</subfield>
  </datafield>
  <datafield tag="260" ind1=" " ind2=" ">
    <subfield code="a">Peak leap national school of agriculture </subfield>
    <subfield code="b">HUOT KONGHEANG</subfield>
    <subfield code="c">1998</subfield>
  </datafield>
  <datafield tag="300" ind1=" " ind2=" ">
    <subfield code="a">56p;</subfield>
  </datafield>
  <datafield tag="942" ind1=" " ind2=" ">
    <subfield code="c">EK</subfield>
  </datafield>
  <datafield tag="999" ind1=" " ind2=" ">
    <subfield code="c">9646</subfield>
    <subfield code="d">9646</subfield>
  </datafield>
  <datafield tag="952" ind1=" " ind2=" ">
    <subfield code="0">0</subfield>
    <subfield code="1">0</subfield>
    <subfield code="4">0</subfield>
    <subfield code="6">910_000000000000000_HUO_1998_C305</subfield>
    <subfield code="7">0</subfield>
    <subfield code="9">51719</subfield>
    <subfield code="a">LBC</subfield>
    <subfield code="b">LBC</subfield>
    <subfield code="c">C305</subfield>
    <subfield code="d">2016-09-06</subfield>
    <subfield code="o">910 HUO 1998 C305</subfield>
    <subfield code="p">A01117</subfield>
    <subfield code="r">2016-09-06</subfield>
    <subfield code="y">EK</subfield>
  </datafield>
  <datafield tag="952" ind1=" " ind2=" ">
    <subfield code="0">0</subfield>
    <subfield code="1">0</subfield>
    <subfield code="4">0</subfield>
    <subfield code="6">910_000000000000000_HUO_1998_C305</subfield>
    <subfield code="7">0</subfield>
    <subfield code="9">51720</subfield>
    <subfield code="a">LBC</subfield>
    <subfield code="b">LBC</subfield>
    <subfield code="c">C304</subfield>
    <subfield code="d">2016-09-06</subfield>
    <subfield code="o">910  HUO 1998 C305</subfield>
    <subfield code="p">A01026</subfield>
    <subfield code="r">2016-09-06</subfield>
    <subfield code="y">EK</subfield>
  </datafield>
  <datafield tag="952" ind1=" " ind2=" ">
    <subfield code="0">0</subfield>
    <subfield code="1">0</subfield>
    <subfield code="4">0</subfield>
    <subfield code="6">910_000000000000000_HUO_1998_C305</subfield>
    <subfield code="7">0</subfield>
    <subfield code="9">51721</subfield>
    <subfield code="a">LBC</subfield>
    <subfield code="b">LBC</subfield>
    <subfield code="c">C305</subfield>
    <subfield code="d">2016-09-06</subfield>
    <subfield code="o">910 HUO 1998 C305</subfield>
    <subfield code="p">A01119</subfield>
    <subfield code="r">2016-09-06</subfield>
    <subfield code="y">EK</subfield>
  </datafield>
  <datafield tag="952" ind1=" " ind2=" ">
    <subfield code="0">0</subfield>
    <subfield code="1">0</subfield>
    <subfield code="4">0</subfield>
    <subfield code="6">910_000000000000000_HUO_1998_C305</subfield>
    <subfield code="7">0</subfield>
    <subfield code="9">51722</subfield>
    <subfield code="a">LBC</subfield>
    <subfield code="b">LBC</subfield>
    <subfield code="c">C305</subfield>
    <subfield code="d">2016-09-06</subfield>
    <subfield code="o">910 HUO 1998 C305</subfield>
    <subfield code="p">A01118</subfield>
    <subfield code="r">2016-09-06</subfield>
    <subfield code="y">EK</subfield>
  </datafield>
  <datafield tag="952" ind1=" " ind2=" ">
    <subfield code="0">0</subfield>
    <subfield code="1">0</subfield>
    <subfield code="4">0</subfield>
    <subfield code="6">910_000000000000000_HUO_1998_C305</subfield>
    <subfield code="7">0</subfield>
    <subfield code="9">51723</subfield>
    <subfield code="a">LBC</subfield>
    <subfield code="b">LBC</subfield>
    <subfield code="c">C305</subfield>
    <subfield code="d">2016-09-06</subfield>
    <subfield code="o">910 HUO 1998 C305</subfield>
    <subfield code="p">A01116</subfield>
    <subfield code="r">2016-09-06</subfield>
    <subfield code="y">EK</subfield>
  </datafield>
  <datafield tag="952" ind1=" " ind2=" ">
    <subfield code="0">0</subfield>
    <subfield code="1">0</subfield>
    <subfield code="4">0</subfield>
    <subfield code="6">910_000000000000000_HUO_1998_C305</subfield>
    <subfield code="7">0</subfield>
    <subfield code="9">51724</subfield>
    <subfield code="a">LBC</subfield>
    <subfield code="b">LBC</subfield>
    <subfield code="c">C305</subfield>
    <subfield code="d">2016-09-06</subfield>
    <subfield code="o">910 HUO 1998 C305</subfield>
    <subfield code="p">A00728</subfield>
    <subfield code="r">2016-09-06</subfield>
    <subfield code="y">EK</subfield>
  </datafield>
</record>
